The Death of Sirius Black Quiz Stats

 Plays Quiz not verified by Sporcle

Also try: Leo Tolstoy Novels
Challenge
Share
Tweet
Embed
Score 0/200 Timer 20:00
0 Plays Today
% Correct
a
97.1%
the
97.1%
the
97.1%
the
97.1%
and
97.1%
the
97.1%
and
97.1%
the
97.1%
a
97.1%
a
97.1%
the
97.1%
the
97.1%
the
97.1%
the
97.1%
the
97.1%
and
97.1%
the
97.1%
the
97.1%
and
97.1%
But it sounds better where I started it :D
97.1%
OK so there's really only 197 words....
97%
Suppose I could've started it three words earlier....
97%
Sirius
93.1%
Harry
93.1%
Harry
93.1%
Sirius
93.1%
Sirius
93.1%
'SIRIUS!'
93.1%
Harry
93.1%
'SIRIUS!'
93.1%
Sirius
93.1%
Harry,
93.1%
Harry
93.1%
Harry --'
93.1%
Harry.'
93.1%
Harry
93.1%
Harry...
93.1%
he
92.6%
he
92.6%
he
92.6%
He
92.6%
he,
92.6%
he
92.6%
be
91.8%
veil
84%
veil,
84%
go....
82.6%
to
80.2%
to
80.2%
Lupin
79.9%
Lupin
79.9%
Bellatrix
78.7%
not
77.4%
not
77.4%
on
76.3%
an
76.2%
do,
75.4%
do,
75.4%
It
75.3%
it
75.3%
in
75.1%
in
75.1%
in
75.1%
can
75%
can
75%
can
75%
you
73.9%
% Correct
you
73.9%
him
73.3%
him
73.3%
him,
73.3%
him,
73.3%
him -'
73.3%
gone
73.1%
gone.'
73%
fell
72.5%
fell
72.5%
'We
71.1%
his
70.6%
his
70.6%
his
70.6%
he's
69.6%
...he's
69.6%
yelled.
69.3%
through
68.6%
through
68.6%
through
68.6%
through!'
68.6%
of
68.3%
back
68.2%
back
68.2%
back.
68.2%
nothing --
65.3%
nothing
65.3%
nothing
65.3%
...nothing...
65.3%
would
65%
would
65%
would
65%
let
64%
as
63.9%
as
63.9%
as
63.9%
as
63.9%
just
63.2%
just
63.2%
just
63.2%
'There's
62.4%
'There's
62.4%
but
61.8%
But
61.8%
But
61.8%
but
61.8%
had
61.6%
had
61.6%
face
60.6%
'Get
58.5%
fall:
58.4%
saw
58.4%
did
57.4%
only
57%
only
57%
look
56.7%
for
56%
scream,
55.9%
save
53.4%
arc
53.3%
take
52.9%
behind
52.6%
behind
52.6%
from
51.7%
from
51.7%
too
51.7%
out...
50.5%
% Correct
seemed
50.2%
arch.
50.1%
grabbed
49.6%
then
49.5%
still
48.6%
heard
48.2%
body
47.1%
around
46.1%
into
45%
other
44.8%
'- it's
44.7%
side
43.4%
moment
42.9%
though
42.9%
curtain,
42.5%
fallen
42.4%
age
42.2%
any
41.9%
meant
40.7%
pull
40.2%
holding
40.1%
knew
39.9%
late,
39.9%
chest,
39.7%
surprise
37.6%
archway,
37.6%
must
37.6%
second...
37.3%
graceful
35.5%
reach
32.8%
fear
32.5%
god-father's
32.2%
struggled
31.7%
disappeared
31.1%
reappear
30.9%
reappear.
30.9%
backwards
29.7%
curved
29.6%
which
29.4%
towards
27.9%
Lestrange's
27.3%
triumphant
27.3%
dais,
25.9%
wind,
25.8%
hanging
24.8%
place.
24.7%
hard
24.7%
coming
23.9%
reached
23.2%
reached
23.2%
once-handsome
22.5%
fluttered
22.1%
mingled
21.8%
floor,
21.6%
doorway
20.5%
high
19.3%
wasted,
19.2%
ragged
19%
ancient
17.9%
breath
17.9%
ground
17.6%
sprinted
16.8%
sank
16.7%
gasps.
15.3%
viciously,
13.7%
searing
12.3%

You're not logged in!

Compare scores with friends on all Sporcle quizzes.
OR
Log In

You Might Also Like...

Show Comments

Extras

Top Quizzes Today


Score Distribution

Your Account Isn't Verified!

In order to create a playlist on Sporcle, you need to verify the email address you used during registration. Go to your Sporcle Settings to finish the process.

Report this User

Report this user for behavior that violates our Community Guidelines.

Details: